Prueba de Brasil - Estadísticas

Estadísticas generales
  • Esta prueba ha sido intentada 4.185 veces
  • La puntuación promedio es 16 de 21
Estadísticas de respuestas
Pista Respuesta % Correcto
Capital Brasilia
100%
Idioma oficial Portugués
100%
Los únicos países sudamericanos que no tienen frontera con Brasil Chile
98%
Las ciudades más pobladas Rio de Janeiro
96%
El río más largo Amazonas
95%
Los únicos países sudamericanos que no tienen frontera con Brasil Ecuador
95%
Las ciudades más pobladas São Paulo
90%
La estatua más famosa Cristo {Redentor}
87%
Los principales goleadores de la Copa del Mundo masculina de todos los tiempos Pelé
85%
La celebración se llevó a cabo durante cinco días antes del Miércoles de Ceniza Carnaval
78%
Género de música tocada en la respuesta anterior Samba
77%
Las cascadas en la frontera con Argentina Cataratas del {Iguazú}
73%
Los principales goleadores de la Copa del Mundo masculina de todos los tiempos Ronaldo
73%
Brasil es el principal productor de este grano Café
72%
El controvertido presidente elegido en 2018 Jair Bolsonaro
71%
Nombre de un barrio de chabolas brasileño Favela
66%
Moneda Real
61%
Las playas más famosas Copacabana
58%
Eslogan en la bandera {Ordem} e Progresso
57%
¿Qué se prohibió en 1888? Esclavitud
46%
Las playas más famosas Ipanema
43%
No se encontraron pruebas coincidentes
Distribución de puntuación
Porcentaje de gente con cada puntuación
Porcentaje por número respondido
Historial de tus puntuaciones
No has intentado esta prueba.